000 00560nam a2200193Ia 4500
003 OSt
005 20240930151441.0
008 210210b1984 xxu||||| |||| 00| 0 eng d
040 _cAL
041 _aHindi
082 _aH891.3 ASHM
100 _aASHAK (Upendranath).
_dउपेन्द्रनाथ अश्क
_9180860
245 _aMeri priy kahaniyan.
_bमेरी प्रिय कहानियां
260 _aDilli
_bRajpal End Sanj
_c1984
300 _a132
690 _aHindi Fiction
_9180861
906 _aSG02988
942 _2ddc
_cBK
999 _c114188
_d114188